Oeuvres de Lagrange
Saved in:
| Hovedforfatter: | |
|---|---|
| Format: | Bog |
| Sprog: | fransk |
| Udgivet: |
París
Gauthier-Villars
1867
|
| Fag: | |
| Tags: |
Tilføj Tag
Ingen Tags, Vær først til at tagge denne postø!
|
MARC
| LEADER | 00000nam a2200000 a 4500 | ||
|---|---|---|---|
| 001 | UCP3375 | ||
| 003 | CL-VaPUC | ||
| 005 | 20240610165122.0 | ||
| 008 | 990618e18670000FR |||||||||||||||||fre|d | ||
| 999 | |c 281705 |d 281703 | ||
| 040 | |c Pontificia Universidad Católica de Valparaíso | ||
| 082 | 0 | 4 | |a 510 |b LAG |2 21 |
| 100 | 1 | |a Lagrange, Joseph-Louis |e author |9 859853 | |
| 245 | 1 | 0 | |a Oeuvres de Lagrange |
| 260 | |a París |b Gauthier-Villars |c 1867 | ||
| 300 | |a v | ||
| 583 | |a last modification |c 19990618 00:00:00 |k Rodrigo Vera | ||
| 650 | 0 | |a Matemática |9 260235 | |
| 650 | 0 | |a Análisis matemático |9 260146 | |
| 650 | 0 | |a Cálculo |9 260234 | |
| 650 | 0 | |a Aritmética |9 270049 | |
| 650 | 0 | |a Ecuaciones diferenciales |9 260083 | |
| 650 | 0 | |a Sistemas dinámicos |9 260496 | |
| 650 | 0 | |a Cálculo integral |9 260103 | |
| 650 | 0 | |a Integrales |9 260233 | |
| 650 | 0 | |a Teoría de números |9 265327 | |
| 650 | 0 | |a Geometría algebraica |9 270327 | |
| 650 | 0 | |a Física matemática |9 260981 | |
| 650 | 7 | |a MECANICA CELESTE |2 CL-VaPUC |9 269941 | |
| 852 | |a BIBCUR | ||
| 942 | |c BK |2 ddc | ||
| 945 | |d 19990618 00:00:00 |a crobeson | ||